[Event "Ä15Â"]
[Site "Loo"]
[Date "2017.04.27"]
[Round "8.27"]
[White "Ñòàðîñòèíà, Àëåêñàíäðà."]
[Black "Åðøîâà, Ñîôüÿ."]
[Result "1-0"]
[WhiteElo "1603"]
[BlackElo "1727"]
[PlyCount "95"]
[EventDate "2017.04.20"]

1. e4 c5 2. Nf3 d6 3. c3 Nf6 4. Be2 Bd7 5. d3 Nc6 6. O-O g6 7. Bg5 Bg7 8. Qd2
h6 9. Be3 Ng4 10. d4 Nxe3 11. Qxe3 cxd4 12. Nxd4 O-O 13. Nd2 Kh7 14. Rfe1 a6
15. N2f3 e5 16. Nxc6 Bxc6 17. Rad1 Qe7 18. Bc4 f5 19. Bd5 f4 20. Qd3 Rad8 21.
Bxc6 bxc6 22. Qxa6 Qe8 23. Qc4 g5 24. h3 Bf6 25. Nh2 h5 26. Rd2 Be7 27. a4 Qd7
28. f3 Rg8 29. Qf7+ Kh6 30. Qc4 Rg6 31. Red1 Kg7 32. a5 Rh8 33. Rf2 g4 34. fxg4
hxg4 35. Nxg4 Bh4 36. Rf3 Rxg4 37. hxg4 Qxg4 38. Rxd6 Bg3 39. Qe6 Rh1+ 40. Kxh1
Qh4+ 41. Qh3 Qg5 42. Qh6+ Qxh6+ 43. Rxh6 Kxh6 44. Rxg3 fxg3 45. a6 c5 46. a7
Kg5 47. a8=Q Kf4 48. Qf8+ 1-0

[Event "Ä15Â"]
[Site "Loo"]
[Date "2017.04.27"]
[Round "8.28"]
[White "Àðòþõîâà, Åëèçàâåòà."]
[Black "Ãðóáîâà, Ñîôèÿ."]
[Result "1-0"]
[WhiteElo "1688"]
[BlackElo "1650"]
[PlyCount "101"]
[EventDate "2017.04.20"]

1. c4 e5 2. g3 Nc6 3. Bg2 d6 4. Nc3 Be6 5. d3 Qd7 6. Be3 Nf6 7. Nf3 g6 8. O-O
Bg7 9. Ng5 h6 10. Nge4 Nxe4 11. Nxe4 Bh3 12. Qd2 Bxg2 13. Kxg2 f5 14. Nc3 O-O-O
15. a3 g5 16. f3 Rdg8 17. b4 f4 18. Bf2 h5 19. Rh1 Bf6 20. Ne4 Be7 21. b5 Nd4
22. Bxd4 exd4 23. Qb2 fxg3 24. hxg3 d5 25. Nf2 dxc4 26. dxc4 h4 27. g4 Rh7 28.
Rad1 Bf6 29. Ne4 Be5 30. Qd2 Qd8 31. Qa5 h3+ 32. Kf1 Kb8 33. b6 Bf4 34. Qxa7+
Kc8 35. Qa8+ Kd7 36. Rxd4+ Bd6 37. Qxd8+ Rxd8 38. Nf6+ Kc6 39. Nxh7 Kxb6 40.
Rxh3 Rh8 41. Nxg5 Rg8 42. Ne4 Bxa3 43. Rh6+ c6 44. Rd7 Rb8 45. g5 Bb2 46. g6
Ka5 47. g7 Kb6 48. Nf6 Bxf6 49. Rxf6 Rg8 50. Rf8 Rxf8 51. gxf8=Q 1-0

[Event "Ä15Â"]
[Site "Loo"]
[Date "2017.04.27"]
[Round "8.29"]
[White "Êîêàåâà, Àíàñòàñèÿ."]
[Black "Ãàðàôóòäèíîâà, Äèàíà."]
[Result "0-1"]
[WhiteElo "1424"]
[BlackElo "1654"]
[PlyCount "66"]
[EventDate "2017.04.20"]

1. d4 Nf6 2. c4 g6 3. Nc3 Bg7 4. e4 d6 5. Be2 Nbd7 6. Bg5 O-O 7. Nf3 h6 8. Bh4
b6 9. d5 Bb7 10. Nd2 a5 11. f3 Nh5 12. Bf2 Nf4 13. O-O e6 14. Qc2 Bxc3 15. bxc3
Nxe2+ 16. Kh1 Nf4 17. Be3 e5 18. g3 Nh5 19. Bxh6 Ng7 20. f4 Kh7 21. Bxg7 Kxg7
22. f5 g5 23. Nf3 Rh8 24. Qd2 f6 25. Qg2 Ba6 26. Nd2 Qe8 27. Qe2 Nc5 28. Kg1
Qh5 29. g4 Qh3 30. Rf2 Qxc3 31. Rf3 Qxa1+ 32. Kg2 Qd4 33. Rd3 Qxd3 0-1

[Event "Ä15Â"]
[Site "Loo"]
[Date "2017.04.27"]
[Round "8.30"]
[White "Çåëåíñêàÿ, Àíàñòàñèÿ."]
[Black "Àáäóëêåðèìîâà, Ìàäèíà."]
[Result "0-1"]
[WhiteElo "1738"]
[BlackElo "1400"]
[PlyCount "116"]
[EventDate "2017.04.20"]

1. e4 d6 2. d4 Nf6 3. Nc3 g6 4. Be3 Bg7 5. Qd2 O-O 6. f3 Nbd7 7. Bc4 c6 8. Nge2
e5 9. O-O exd4 10. Nxd4 Ne5 11. Be2 Qc7 12. a4 Rd8 13. a5 d5 14. exd5 Nxd5 15.
Nxd5 Rxd5 16. c4 Rd7 17. Qc2 Ng4 18. fxg4 Bxd4 19. Bxd4 Rxd4 20. Rf6 Bxg4 21.
Bxg4 Rxg4 22. Raf1 Rf8 23. Qf2 Rxc4 24. h4 Qe7 25. b4 Rxb4 26. h5 Rb5 27. hxg6
hxg6 28. Qa2 Qc5+ 29. Kh1 Qd5 30. Qa3 Qh5+ 31. Kg1 Qc5+ 32. Qxc5 Rxc5 33. Rb1
Kg7 34. Rd6 Rb8 35. Rd7 Rxa5 36. Rdxb7 Rxb7 37. Rxb7 Kf6 38. Rc7 c5 39. Kf2 a6
40. Kf3 Ke6 41. Rc6+ Ke5 42. Rc7 f5 43. Rc6 g5 44. g3 Ra3+ 45. Kf2 Kd4 46. Rg6
g4 47. Rf6 c4 48. Kg2 Ke5 49. Rc6 c3 50. Rc5+ Ke4 51. Rc4+ Kd3 52. Rc5 c2 53.
Rd5+ Ke2 54. Rxf5 c1=Q 55. Rf2+ Ke3 56. Re2+ Kxe2 57. Kh2 Ra2 58. Kg2 Ke3# 0-1

[Event "Ä17Ï"]
[Site "Loo"]
[Date "2017.04.27"]
[Round "8.1"]
[White "Áó÷èíà, Ïîëèíà."]
[Black "Êðàïèâèíà, Ãàëèíà."]
[Result "1/2-1/2"]
[WhiteElo "1787"]
[BlackElo "1744"]
[PlyCount "111"]
[EventDate "2017.04.20"]

1. c4 f5 2. Nf3 Nf6 3. g3 d6 4. Bg2 g6 5. O-O Bg7 6. Nc3 O-O 7. Rb1 a5 8. a3 e5
9. b4 axb4 10. axb4 Nc6 11. b5 Ne7 12. Qb3 e4 13. Ne1 Kh8 14. d3 exd3 15. Nxd3
Rb8 16. Bb2 Be6 17. Nf4 Bg8 18. Ncd5 Nexd5 19. Nxd5 h6 20. Nxf6 Bxf6 21. Bxf6+
Qxf6 22. e3 b6 23. Ra1 Rfe8 24. Ra7 Re7 25. Qd3 Qe5 26. Ra3 Qc5 27. Rc3 Qe5 28.
Rd1 Rf8 29. f4 Qe6 30. Kf2 Qf6 31. Re1 Be6 32. Rc2 Bd7 33. Rce2 Rfe8 34. Kf1
Kg7 35. Bd5 Kh8 36. Ra2 Be6 37. Bc6 Bd7 38. Bf3 Be6 39. Ra3 Kg7 40. Rc3 Kh8 41.
Qd2 Kg7 42. Kf2 Kh8 43. Bc6 Bd7 44. Bxd7 Rxd7 45. c5 bxc5 46. Rxc5 Rde7 47. Rc6
Rb8 48. Rb1 Kg7 49. Qa5 Rb7 50. Qd2 Kf7 51. Qe2 Qe6 52. Rb2 Qe4 53. Rc1 Qd5 54.
Rcb1 Rb6 55. Rd2 Qc5 56. Qd3 1/2-1/2

[Event "Ä17Ï"]
[Site "Loo"]
[Date "2017.04.27"]
[Round "8.2"]
[White "Ïåòðîâà, Ìàðèÿ."]
[Black "Äàíèëîâà, Ðàäà."]
[Result "1/2-1/2"]
[WhiteElo "1835"]
[BlackElo "1828"]
[PlyCount "111"]
[EventDate "2017.04.20"]

1. e4 c5 2. Nf3 a6 3. d4 cxd4 4. Nxd4 Nf6 5. Bd3 e5 6. Nb3 d5 7. exd5 Nxd5 8.
Be4 Nf6 9. Qxd8+ Kxd8 10. Bf3 e4 11. Be2 Nc6 12. Nc3 Nb4 13. Kd1 Bf5 14. Nd4
Bg6 15. a3 Nbd5 16. Nxd5 Nxd5 17. c4 Nb6 18. Be3 Nd7 19. f3 Nc5 20. b4 exf3 21.
Bxf3 Ne4 22. Re1 f5 23. Nxf5 Bxf5 24. Bxe4 Bxe4 25. Bg5+ Kc7 26. Rxe4 Bd6 27.
Bf4 Bxf4 28. Rxf4 Rad8+ 29. Kc2 Rhe8 30. Rf2 Re4 31. c5 Kc6 32. Kc3 Re3+ 33.
Kc4 Rde8 34. Rd2 R8e4+ 35. Rd4 Rxd4+ 36. Kxd4 Re2 37. g3 Rxh2 38. Rf1 Rd2+ 39.
Kc4 Rc2+ 40. Kb3 Re2 41. Rf3 a5 42. Rd3 axb4 43. axb4 Kb5 44. Rd7 Re3+ 45. Kc2
Rxg3 46. Rxb7+ Kc6 47. Rb6+ Kc7 48. Rd6 h5 49. b5 Rg5 50. b6+ Kb7 51. Rd7+ Kb8
52. Rd8+ Kb7 53. Rd7+ Kb8 54. Rd8+ Kb7 55. Rd7+ Kb8 56. Rd8+ 1/2-1/2

[Event "Ä17Ï"]
[Site "Loo"]
[Date "2017.04.27"]
[Round "8.3"]
[White "Ïðîòàñîâà, Àíàñòàñèÿ."]
[Black "Òàòàðèíîâà, Åëåíà."]
[Result "0-1"]
[WhiteElo "1801"]
[BlackElo "1840"]
[PlyCount "50"]
[EventDate "2017.04.20"]

1. d4 Nf6 2. c4 g6 3. Nc3 Bg7 4. e4 d6 5. Nf3 O-O 6. Be2 e5 7. O-O Nc6 8. d5
Ne7 9. b4 Ne8 10. c5 f5 11. Nd2 f4 12. Nc4 Kh8 13. a4 g5 14. Ba3 Qd7 15. b5
dxc5 16. Bxc5 Rg8 17. d6 cxd6 18. Bxd6 Ng6 19. h3 Qf7 20. b6 f3 21. gxf3 Nf4
22. Ne3 Nxh3+ 23. Kh2 Qh5 24. f4 Qh6 25. fxg5 Nxg5+ 0-1

[Event "Ä17Ï"]
[Site "Loo"]
[Date "2017.04.27"]
[Round "8.4"]
[White "Êîâàë¸âà, Åêàòåðèíà."]
[Black "Áåëÿêîâà, Èëîíà."]
[Result "1-0"]
[WhiteElo "1974"]
[BlackElo "1600"]
[PlyCount "39"]
[EventDate "2017.04.20"]

1. e4 d5 2. exd5 Qxd5 3. Nc3 Qd6 4. Bc4 Nf6 5. d4 g6 6. Nge2 Bg7 7. Bf4 Qd8 8.
O-O O-O 9. Qd2 a6 10. a4 b6 11. Rad1 Bb7 12. Rfe1 Nbd7 13. Bh6 Bxh6 14. Qxh6 e6
15. Rd3 Ng4 16. Qf4 h5 17. h3 e5 18. Qg3 e4 19. Rdd1 Nh6 20. Qxg6+ 1-0

[Event "Ä17Ï"]
[Site "Loo"]
[Date "2017.04.27"]
[Round "8.5"]
[White "Ãîðåíêîâà, Àííà."]
[Black "Ñàì÷åíêî, Ñåðàôèìà."]
[Result "0-1"]
[WhiteElo "1488"]
[BlackElo "1734"]
[PlyCount "146"]
[EventDate "2017.04.20"]

1. d4 c5 2. c3 Nf6 3. Nf3 d5 4. Bg5 Ne4 5. Bh4 Nc6 6. e3 Qb6 7. Qc2 Bf5 8. Bd3
c4 9. Bxe4 Bxe4 10. Qc1 f6 11. O-O h5 12. h3 g5 13. Bg3 h4 14. Bh2 Qd8 15. Nbd2
Bd3 16. Re1 g4 17. hxg4 Qd7 18. e4 O-O-O 19. exd5 Qxd5 20. b3 h3 21. bxc4 Qd7
22. g3 Qxg4 23. Qd1 Qg6 24. a4 Na5 25. Ra2 Nxc4 26. Nxc4 Bxc4 27. Rb2 e5 28.
Qa1 Qd3 29. Re3 Qf5 30. Qb1 Qxb1+ 31. Rxb1 Bh6 32. Ree1 Bd3 33. Rb2 e4 34. Nh4
Rhg8 35. Nf5 Bf8 36. Rd2 Rg5 37. Ne3 Be7 38. f3 Bd6 39. g4 Bf8 40. Bf4 Ra5 41.
Nf5 Rxa4 42. fxe4 Bb5 43. Kh2 Ra3 44. Rc1 Rb3 45. g5 Ba3 46. Rcc2 fxg5 47. Bxg5
Rg8 48. Bf4 Bf1 49. Ne3 Rb1 50. Bg3 a5 51. d5 Bc5 52. Rd1 Rxd1 53. Nxd1 Bg2 54.
Re2 a4 55. d6 a3 56. e5 Bf3 57. Re1 a2 58. Nb2 Be4 59. Ra1 Bb1 60. e6 Rg6 61.
d7+ Kd8 62. Na4 Be3 63. Bh4+ Bg5 64. Bxg5+ Rxg5 65. c4 Re5 66. Nc3 Re1 67. c5
Rc1 68. Na4 Rc4 69. Nb6 Rxc5 70. Kxh3 Bf5+ 71. Kg3 Bxe6 72. Kf4 Rb5 73. Ke4 Rb1
0-1

[Event "Ä17Ï"]
[Site "Loo"]
[Date "2017.04.27"]
[Round "8.6"]
[White "Áåçâåðõàÿ, Ìàðèíà."]
[Black "Ôîíÿê, Ìàðèíà."]
[Result "0-1"]
[WhiteElo "1758"]
[BlackElo "1780"]
[PlyCount "102"]
[EventDate "2017.04.20"]

1. e4 c5 2. Nc3 Nc6 3. Bb5 d6 4. Bxc6+ bxc6 5. d3 g6 6. f4 Bg7 7. Nf3 Rb8 8.
O-O Nh6 9. h3 f5 10. Qe1 O-O 11. e5 Qd7 12. Rb1 Nf7 13. Be3 Qc7 14. Na4 Re8 15.
c3 dxe5 16. fxe5 Nxe5 17. Nxe5 Bxe5 18. Bxc5 Bg7 19. Qf2 Rb7 20. d4 e5 21. dxe5
Bxe5 22. Rfe1 Be6 23. b3 Bg3 24. Qd4 Bxe1 25. Rxe1 Qd7 26. Qf6 Qf7 27. Qh4 Bd5
28. c4 Rxe1+ 29. Qxe1 Be4 30. Nc3 Qe6 31. Qg3 a6 32. Bd6 Rd7 33. c5 Bd5 34. Qd3
Rd8 35. Kh1 a5 36. Na4 Qe1+ 37. Kh2 Qf2 38. Qg3 Qxa2 39. Nb6 Qxb3 40. Qe5 Qa2
41. Nxd5 Qxd5 42. Qe7 Ra8 43. Qb7 Re8 44. Qd7 Qe4 45. Qa7 a4 46. Qb6 Qd5 47.
Qa6 Qe4 48. Qa7 f4 49. Qd7 a3 50. Qa7 Qe3 51. Qa5 Qg3+ 0-1

[Event "Ä17Ï"]
[Site "Loo"]
[Date "2017.04.27"]
[Round "8.7"]
[White "Çàõàðîâà, Äèàíà."]
[Black "Çàêàðÿí, Äèàíà."]
[Result "1-0"]
[WhiteElo "1720"]
[BlackElo "1755"]
[PlyCount "61"]
[EventDate "2017.04.20"]

1. e4 c5 2. Nc3 Nc6 3. g3 e6 4. Bg2 Nf6 5. f4 d5 6. e5 Nd7 7. d3 a6 8. Nf3 b5
9. O-O Bb7 10. Re1 Be7 11. f5 O-O 12. fxe6 fxe6 13. Bh3 Kh8 14. Rb1 d4 15. Ne4
Ncxe5 16. Nxe5 Nxe5 17. Bf4 Ng6 18. Bd2 e5 19. Qh5 Bc8 20. Bg2 Ra7 21. Rf1 Qe8
22. Bg5 Be6 23. Bxe7 Qxe7 24. Ng5 Bg8 25. Bd5 Rxf1+ 26. Rxf1 Qd8 27. Bf7 Nf8
28. Bxg8 Kxg8 29. Rxf8+ Kxf8 30. Ne6+ Ke7 31. Nxd8 1-0

[Event "Ä17Ï"]
[Site "Loo"]
[Date "2017.04.27"]
[Round "8.8"]
[White "Ðåâà, Ëþáîâü."]
[Black "Ìàðòûø, Äàðüÿ."]
[Result "0-1"]
[WhiteElo "1604"]
[BlackElo "1661"]
[PlyCount "64"]
[EventDate "2017.04.20"]

1. d4 Nf6 2. Nf3 g6 3. c4 Bg7 4. Nc3 d6 5. e4 O-O 6. Be2 e5 7. d5 a5 8. Bg5 h6
9. Bxf6 Qxf6 10. O-O Qe7 11. Nd2 f5 12. Kh1 f4 13. g4 Bf6 14. Rg1 Kg7 15. Nf3
Rh8 16. c5 dxc5 17. d6 cxd6 18. Nd5 Qd8 19. Nxf6 Qxf6 20. g5 hxg5 21. Rxg5 Nc6
22. Qg1 Bh3 23. Bf1 Bxf1 24. Rxf1 Rh3 25. Rf5 Qe7 26. Rg5 Qe6 27. Qg2 Rah8 28.
Rg1 R8h6 29. Rd1 Nd4 30. Nxd4 cxd4 31. Rg1 f3 32. Qxh3 Qxh3 0-1

[Event "Ä17Ï"]
[Site "Loo"]
[Date "2017.04.27"]
[Round "8.9"]
[White "Àëåêñàíäðîâà, Åëèçàâåòà."]
[Black "Êóðêîâà, Ñîôüÿ."]
[Result "0-1"]
[WhiteElo "1620"]
[BlackElo "1656"]
[PlyCount "74"]
[EventDate "2017.04.20"]

1. e4 g6 2. d4 Bg7 3. Nc3 d6 4. Be3 Nf6 5. Be2 O-O 6. Qd2 Re8 7. O-O-O a6 8. h4
h5 9. f3 Nc6 10. Bg5 Nh7 11. g4 Nxg5 12. hxg5 hxg4 13. d5 Nd4 14. f4 e5 15. Bd3
b5 16. Rf1 exf4 17. Qxf4 Qe7 18. Nge2 Nf3 19. Kb1 Nxg5 20. Qd2 Qe5 21. a3 Bd7
22. Nd1 a5 23. Ng3 b4 24. a4 Nf3 25. Rxf3 gxf3 26. Qh2 Bxa4 27. Qf2 Bd7 28.
Qxf3 a4 29. Rf1 Re7 30. c3 a3 31. Rf2 bxc3 32. bxa3 Rxa3 33. Bc2 Qd4 34. Nb2
Qb4 35. Bd3 cxb2 36. Rf1 Ra1+ 37. Kc2 Qc3# 0-1

[Event "Ä17Ï"]
[Site "Loo"]
[Date "2017.04.27"]
[Round "8.10"]
[White "Ìàëîçåìîâà, Äàðüÿ."]
[Black "Áàäìàåâà, Áàèíà."]
[Result "1-0"]
[WhiteElo "1687"]
[BlackElo "1585"]
[PlyCount "91"]
[EventDate "2017.04.20"]

1. d4 Nf6 2. Bf4 g6 3. Nf3 Bg7 4. Nc3 O-O 5. Qd2 Re8 6. Bh6 Bh8 7. e4 d6 8.
O-O-O Nc6 9. h3 a6 10. g4 b5 11. Bd3 Bb7 12. d5 Na5 13. Be3 c5 14. dxc6 Bxc6
15. Nd4 Qc7 16. f3 Nc4 17. Qe2 Nxe3 18. Qxe3 b4 19. Nce2 a5 20. h4 a4 21. h5 b3
22. axb3 axb3 23. Nxb3 Qa7 24. Qg5 Reb8 25. hxg6 fxg6 26. Bc4+ Kf8 27. Nf4 Qe3+
28. Kb1 Ke8 29. Rde1 Qxf3 30. Nxg6 hxg6 31. Rxh8+ Kd7 32. Rxb8 Rxb8 33. Be6+
Kc7 34. Qa5+ Kb7 35. Nd4 Qg2 36. Bc4 Ra8 37. Qb4+ Kc7 38. e5 Ne4 39. exd6+ exd6
40. b3 Qg3 41. Kb2 Qe5 42. c3 Rb8 43. Qxb8+ Kxb8 44. Nxc6+ Kc7 45. Nxe5 dxe5
46. Bd3 1-0

[Event "Ä17Ï"]
[Site "Loo"]
[Date "2017.04.27"]
[Round "8.11"]
[White "Áàðñêîâà, Ïîëèíà."]
[Black "×àãèíà, Óëüÿíà."]
[Result "1/2-1/2"]
[WhiteElo "1761"]
[BlackElo "1433"]
[PlyCount "120"]
[EventDate "2017.04.20"]

1. d4 Nf6 2. Nf3 e6 3. c4 b6 4. e3 Bb7 5. Nc3 Bb4 6. Bd3 O-O 7. O-O Bxc3 8.
bxc3 Ne4 9. Qc2 f5 10. Nd2 Nxd2 11. Bxd2 d6 12. e4 f4 13. Rad1 e5 14. c5 Nd7
15. cxd6 cxd6 16. Bc4+ Kh8 17. f3 Rc8 18. Qd3 Rf6 19. Be1 Rh6 20. Qe2 Qg5 21.
Ba6 Bxa6 22. Qxa6 Rc7 23. Qe2 exd4 24. Rxd4 Qc5 25. Rf2 Ne5 26. Rd5 Qc6 27. Qd2
Nc4 28. Qxf4 Rf6 29. Qc1 Re7 30. Re2 Rg6 31. Bg3 b5 32. Qd1 Rge6 33. Rf5 Kg8
34. Qd5 Qxd5 35. Rxd5 a6 36. Rd4 Rc7 37. f4 Rc5 38. Kf1 Kf7 39. Bf2 Rc6 40. g4
Na3 41. Be1 Nb1 42. Rb2 Na3 43. Kf2 Rc4 44. Rxc4 Nxc4 45. Re2 g6 46. Kf3 h6 47.
Bd2 Kg7 48. Be3 Kh7 49. Bd4 Re8 50. e5 dxe5 51. Bxe5 h5 52. gxh5 gxh5 53. Bd4
Rxe2 54. Kxe2 Kg6 55. Be5 Kf5 56. h3 Nxe5 57. fxe5 Kxe5 58. Ke3 h4 59. a3 a5
60. Kf3 Kf5 1/2-1/2

[Event "Ä17Ï"]
[Site "Loo"]
[Date "2017.04.27"]
[Round "8.12"]
[White "Ñàáåòèàí, Ìîäæàâåðè Àëèíà."]
[Black "Àâåðèíà, Âåðà."]
[Result "0-1"]
[WhiteElo "1563"]
[BlackElo "1729"]
[PlyCount "92"]
[EventDate "2017.04.20"]

1. d4 Nc6 2. d5 Ne5 3. Bf4 Ng6 4. Bg3 d6 5. e4 a6 6. c4 e5 7. Nc3 Be7 8. Be2
Nf6 9. Nf3 h6 10. O-O O-O 11. a3 Re8 12. b4 b6 13. Nd2 Nf4 14. Nb3 Nd7 15. Bg4
g5 16. Bxd7 Bxd7 17. Bxf4 exf4 18. Qh5 Kg7 19. g3 Bf6 20. Rac1 Bxc3 21. Rxc3
Rxe4 22. Qf3 Qe7 23. Nd2 Rd4 24. Nb3 g4 25. Qg2 f3 26. Qh1 Re4 27. h3 h5 28.
hxg4 hxg4 29. Qh4 Qe5 30. Nd2 Re1 31. Nxf3 Rxf1+ 32. Kxf1 gxf3 33. Re3 Qa1+ 34.
Re1 Qf6 35. Qxf6+ Kxf6 36. Re3 Bg4 37. Re4 Bh5 38. Rh4 Bg6 39. Rf4+ Ke5 40.
Rxf3 Kd4 41. Rf4+ Kc3 42. Ke1 Re8+ 43. Kd1 Re4 44. c5 Rxf4 45. gxf4 bxc5 46.
bxc5 dxc5 0-1

[Event "Ä17Ï"]
[Site "Loo"]
[Date "2017.04.27"]
[Round "8.13"]
[White "Óðâà÷¸âà, Àðèíà."]
[Black "Îñòàøåâà, Àíàñòàñèÿ."]
[Result "1-0"]
[WhiteElo "1706"]
[BlackElo "1391"]
[PlyCount "91"]
[EventDate "2017.04.20"]

1. d4 c6 2. Nf3 d5 3. c4 Nf6 4. e3 g6 5. Bd3 Bg7 6. O-O O-O 7. b3 a6 8. Ne5 b5
9. c5 Qc7 10. Nd2 Nbd7 11. f4 Nh5 12. Bb2 a5 13. Ndf3 Ndf6 14. Ng5 h6 15. Ngxf7
Rxf7 16. Bxg6 Rf8 17. Bxh5 Nxh5 18. Qxh5 Bf5 19. g4 Be4 20. g5 Rf5 21. h4 e6
22. Nf3 Raf8 23. Rf2 R8f7 24. Qg4 Kf8 25. g6 h5 26. Qg3 Re7 27. Ng5 Bh6 28.
Nxe4 dxe4 29. Qg2 Rg7 30. d5 exd5 31. Bxg7+ Bxg7 32. Rc1 Qe7 33. Qh3 Qe6 34.
Kh2 Bh6 35. Rg1 Rf6 36. Qxe6 Rxe6 37. Rg5 Bxg5 38. hxg5 Rxg6 39. Kg3 Rg7 40.
Kh4 Rh7 41. f5 Kg7 42. g6 Rh8 43. Kg5 h4 44. f6+ Kg8 45. g7 Rh7 46. Kg6 1-0

[Event "Ä17Ï"]
[Site "Loo"]
[Date "2017.04.27"]
[Round "8.14"]
[White "Ìèíüêî, Îëüãà."]
[Black "Âàõðóøåâà, Âàëåðèÿ."]
[Result "0-1"]
[WhiteElo "1597"]
[BlackElo "1313"]
[PlyCount "104"]
[EventDate "2017.04.20"]

1. e4 d5 2. exd5 Qxd5 3. Nc3 Qd6 4. d4 c6 5. Nf3 Bg4 6. Be2 e6 7. O-O Nf6 8. h3
Bh5 9. Re1 Be7 10. Ne5 Bxe2 11. Rxe2 Nbd7 12. Bf4 Nxe5 13. Bxe5 Qd8 14. Ne4 O-O
15. Nc5 b6 16. Ne4 Nxe4 17. Rxe4 Bf6 18. Qe2 Bxe5 19. dxe5 Qe7 20. Qh5 f5 21.
Rh4 g6 22. Qh6 Rad8 23. Rc4 c5 24. Qe3 Rd5 25. a4 Qc7 26. f4 Rfd8 27. Qc3 Qc6
28. b4 Rd2 29. Qf3 Qxf3 30. gxf3 cxb4 31. Rb1 R2d4 32. Rcxb4 Rxb4 33. Rxb4 Rd1+
34. Kf2 Rd2+ 35. Kg3 Rxc2 36. Rd4 a5 37. Rd6 Rc4 38. Rxe6 Rxa4 39. Rxb6 Rb4 40.
Ra6 a4 41. e6 Kf8 42. Ra7 h5 43. Rf7+ Ke8 44. Ra7 Rc4 45. Rg7 a3 46. Rxg6 Ra4
47. Rg8+ Ke7 48. Rb8 a2 49. Rb7+ Kxe6 50. Rb6+ Kd5 51. Rb5+ Kc4 52. Rxf5 a1=Q
0-1

[Event "Ä17Ï"]
[Site "Loo"]
[Date "2017.04.27"]
[Round "8.15"]
[White "Øìèäò, Êñåíèÿ."]
[Black "Êàíåâñêàÿ, Àíàñòàñèÿ."]
[Result "1-0"]
[WhiteElo "1490"]
[BlackElo "1353"]
[PlyCount "65"]
[EventDate "2017.04.20"]

1. d4 d5 2. Nf3 Nf6 3. c4 e6 4. Nc3 Be7 5. Bg5 Nbd7 6. e3 h6 7. Bh4 b6 8. cxd5
exd5 9. Bd3 Bb7 10. O-O O-O 11. Rc1 Ne4 12. Bxe7 Qxe7 13. Qc2 c5 14. Rfd1 Rac8
15. Bb5 Ndf6 16. Qe2 Qd6 17. Nd2 cxd4 18. Ndxe4 Nxe4 19. Rxd4 Rc7 20. Qd1 Rfc8
21. Rxe4 Qc5 22. Re8+ Rxe8 23. Bxe8 Qe7 24. Ba4 Qg5 25. f4 Qg6 26. Bc2 f5 27.
Bb3 Rd7 28. Qf3 Kh8 29. Bxd5 Rxd5 30. Nxd5 Qd6 31. Rd1 Qe6 32. Rd2 Qf7 33. Qd1
1-0

[Event "Ä17Ï"]
[Site "Loo"]
[Date "2017.04.27"]
[Round "8.17"]
[White "Ñîëîâüåâà, Ìàðèÿ."]
[Black "Êàíàãèíà, Ïîëèíà."]
[Result "1-0"]
[WhiteElo "1477"]
[BlackElo "1597"]
[PlyCount "51"]
[EventDate "2017.04.20"]

1. e4 c5 2. Nf3 d6 3. Bc4 g6 4. Nc3 Bg7 5. d3 e6 6. O-O Ne7 7. Be3 Nbc6 8. d4
cxd4 9. Nxd4 O-O 10. Qd2 Re8 11. Rad1 d5 12. exd5 exd5 13. Bb3 Be6 14. Rfe1 a6
15. Nxe6 fxe6 16. Bg5 Qd7 17. Ne4 Nf5 18. Nc5 Qc8 19. Nxe6 Rxe6 20. Rxe6 Nfd4
21. Ree1 Nxb3 22. Qxd5+ Kh8 23. Qxb3 Nd4 24. Qd5 Nxc2 25. Re7 Nd4 26. Rxd4 1-0

[Event "Ä17Ï"]
[Site "Loo"]
[Date "2017.04.27"]
[Round "8.18"]
[White "×óëî÷íèêîâà, Îëüãà."]
[Black "Ñâèðèäîâà, Àíàñòàñèÿ."]
[Result "1-0"]
[WhiteElo "1318"]
[BlackElo "1278"]
[PlyCount "153"]
[EventDate "2017.04.20"]

1. e4 e5 2. Nf3 Nc6 3. Bc4 Bc5 4. O-O Nf6 5. d3 h6 6. Be3 Bb6 7. Nc3 O-O 8. h3
d6 9. Nd5 Nxd5 10. Bxd5 Qf6 11. c3 Ne7 12. Bb3 Rd8 13. Qe2 Ng6 14. Nh2 Nf4 15.
Bxf4 Qxf4 16. Qf3 Qxf3 17. Nxf3 a5 18. a3 Re8 19. Kh2 Ra6 20. Bc4 Ra8 21. Nd2
Be6 22. Bxe6 Rxe6 23. Nc4 Ra6 24. b4 axb4 25. Nxb6 Rxb6 26. axb4 Re8 27. f4 c6
28. Ra5 Rb5 29. Rxb5 cxb5 30. fxe5 Rxe5 31. Ra1 d5 32. exd5 Rxd5 33. d4 Rd6 34.
Ra5 Rb6 35. Kg3 Kf8 36. Kf4 Ke7 37. Ra1 Rc6 38. Re1+ Kd7 39. Re3 Rg6 40. g4 Kd6
41. Re5 Rf6+ 42. Ke3 Re6 43. Ke4 Rxe5+ 44. dxe5+ Ke6 45. Kd4 b6 46. Ke4 g6 47.
h4 f6 48. exf6 Kxf6 49. Kd5 h5 50. gxh5 gxh5 51. Kc6 Kf5 52. Kxb6 Kg4 53. Kxb5
Kxh4 54. Kc4 Kg4 55. b5 h4 56. b6 h3 57. b7 h2 58. b8=Q h1=Q 59. Qg8+ Kf4 60.
Qf7+ Ke3 61. Qe6+ Kf4 62. Qd6+ Kg4 63. Qd4+ Kg3 64. Qe3+ Kg4 65. Qe6+ Kf4 66.
Qd6+ Kg4 67. Qd5 Qh6 68. Kc5 Qc1 69. c4 Qh6 70. Kb5 Qf8 71. c5 Qb8+ 72. Kc4 Qc7
73. c6 Kf4 74. Qd7 Qb8 75. c7 Qg8+ 76. Kc5 Qa8 77. c8=Q 1-0

[Event "Ä17Â"]
[Site "Loo"]
[Date "2017.04.27"]
[Round "8.1"]
[White "Êî÷óêîâà, Àííà."]
[Black "Çîòîâà, Àíàñòàñèÿ."]
[Result "1-0"]
[WhiteElo "2035"]
[BlackElo "2067"]
[PlyCount "93"]
[EventDate "2017.04.20"]

1. e4 c5 2. Nf3 d6 3. d4 cxd4 4. Nxd4 Nf6 5. Nc3 a6 6. Bc4 e6 7. a3 Be7 8. Ba2
b5 9. O-O O-O 10. f4 Nbd7 11. Qe2 Nc5 12. Nc6 Qc7 13. Nxe7+ Qxe7 14. b4 Nb7 15.
e5 Nd7 16. Bb2 Nb6 17. Ne4 Nd5 18. Rad1 Rd8 19. Rd3 Qf8 20. Rg3 Kh8 21. Qh5 h6
22. exd6 f6 23. Bxd5 exd5 24. Nxf6 Nxd6 25. Qxh6+ gxh6 26. Nd7+ Kh7 27. Nxf8+
Rxf8 28. Rg7+ Kh8 29. Ra7+ Kg8 30. Rxa8 Nc4 31. Bc1 Kf7 32. Re1 Kf6 33. Ra7 Rg8
34. Rh7 Kg6 35. Rc7 h5 36. Kf2 Kf5 37. Rh7 Kg6 38. Rhe7 Bf5 39. c3 Be4 40. g3
Kf5 41. Rf7+ Ke6 42. Ra7 h4 43. Rxa6+ Kf5 44. Rg1 h3 45. Rh6 Bg2 46. Rh5+ Ke4
47. Rd1 1-0

[Event "Ä17Â"]
[Site "Loo"]
[Date "2017.04.27"]
[Round "8.2"]
[White "Ãîëüöåâà, Åêàòåðèíà."]
[Black "Ïåòðî÷åíêî, Ìàðèÿ."]
[Result "1/2-1/2"]
[WhiteElo "2211"]
[BlackElo "2141"]
[PlyCount "104"]
[EventDate "2017.04.20"]

1. d4 d5 2. Nf3 Nf6 3. c4 c6 4. e3 e6 5. b3 c5 6. cxd5 Nxd5 7. Bb5+ Bd7 8.
Bxd7+ Nxd7 9. O-O Be7 10. Bb2 O-O 11. Nbd2 Rc8 12. Ne4 N7f6 13. Nfd2 b6 14. Rc1
Nxe4 15. Nxe4 f5 16. Nd2 cxd4 17. exd4 Rxc1 18. Qxc1 Nf6 19. Re1 Qd7 20. Nc4
Nd5 21. Ne5 Qc8 22. Qc4 Bf6 23. Nf3 Qd7 24. Rc1 Re8 25. Ne5 Bxe5 26. dxe5 b5
27. Qc5 Nb6 28. Qd4 Rd8 29. Rd1 Qxd4 30. Rxd4 Nd5 31. Kf1 Rc8 32. Ke1 Kf7 33.
Kd1 Ke8 34. g3 a6 35. Kd2 Rc6 36. f3 Nb6 37. Ba3 Nd7 38. Bd6 Nb6 39. Ba3 a5 40.
Bb2 Nd7 41. Rd3 Ke7 42. Ba3+ b4 43. Bb2 Rc5 44. Bd4 Rd5 45. f4 Kd8 46. Be3
Rxd3+ 47. Kxd3 Kc7 48. Kc4 Kc6 49. Bf2 Nb8 50. Bc5 Nd7 51. Bf2 h6 52. h4 g6
1/2-1/2

[Event "Ä17Â"]
[Site "Loo"]
[Date "2017.04.27"]
[Round "8.3"]
[White "Íîñà÷åâà, Ìàðèÿ."]
[Black "Øàôèãóëëèíà, Çàðèíà."]
[Result "0-1"]
[WhiteElo "2063"]
[BlackElo "1997"]
[PlyCount "110"]
[EventDate "2017.04.20"]

1. e4 c5 2. Nf3 a6 3. c3 d5 4. exd5 Qxd5 5. d4 Nf6 6. Be2 e6 7. O-O Be7 8. c4
Qd8 9. dxc5 Qxd1 10. Rxd1 Bxc5 11. a3 Ne4 12. Rf1 Be7 13. Bd3 Nc5 14. Bc2 Bf6
15. Be3 Nbd7 16. Bd4 a5 17. b3 O-O 18. Nc3 e5 19. Bxc5 Nxc5 20. Nd5 Bg4 21.
Nxf6+ gxf6 22. Nh4 Rfd8 23. f3 Be6 24. Rad1 a4 25. b4 Nb3 26. c5 Nd4 27. Be4
Rab8 28. g4 b6 29. cxb6 Rxb6 30. Ng2 Rc8 31. Ra1 Rc3 32. Ne1 f5 33. gxf5 Bxf5
34. Bxf5 Nxf5 35. Kf2 Rd6 36. Rg1+ Kf8 37. Rg5 Rb6 38. Ra2 h6 39. Rh5 Kg7 40.
Re2 Kg6 41. Rh3 Re6 42. Nc2 Rec6 43. Ne3 Nxe3 44. Rxe3 Rc2+ 45. Kg3 f6 46. Rh4
Rb2 47. f4 Rb3 48. Kf3 e4+ 49. Kf2 Rc2+ 50. Re2 Rxe2+ 51. Kxe2 f5 52. b5 Rxa3
53. Kd2 Rb3 54. Kc2 Rxb5 55. Rh3 Rb3 0-1

[Event "Ä17Â"]
[Site "Loo"]
[Date "2017.04.27"]
[Round "8.4"]
[White "Ñàêîðåíêî, Àäðèàíà."]
[Black "Áóäíèêîâà, Âàðâàðà."]
[Result "1-0"]
[WhiteElo "2007"]
[BlackElo "1900"]
[PlyCount "135"]
[EventDate "2017.04.20"]

1. d4 d5 2. Bf4 Nf6 3. e3 c5 4. c3 Qb6 5. Qb3 Nc6 6. Nd2 c4 7. Qc2 Bg4 8. Be2
Bxe2 9. Nxe2 e6 10. O-O Be7 11. Rfe1 O-O 12. Ng3 Qa6 13. e4 dxe4 14. Ndxe4 Nd5
15. Ng5 g6 16. Bd2 b5 17. Qe4 Bxg5 18. Bxg5 b4 19. Qf3 bxc3 20. bxc3 Qa3 21.
Ne4 Nce7 22. Bh6 Rfc8 23. Bc1 Qa5 24. Nd6 Rf8 25. Bh6 Qxc3 26. Qxc3 Nxc3 27.
Bxf8 Kxf8 28. Nxc4 Nf5 29. Kf1 Nxd4 30. Re3 Nd5 31. Rd3 Nc2 32. Rc1 Ncb4 33.
Rd2 Rc8 34. a3 Na6 35. Rdc2 Rb8 36. Ne5 Rb7 37. Rc6 Nac7 38. Nd7+ Ke7 39. Nc5
Rb5 40. Ne4 Na8 41. Nc3 Ra5 42. Nxd5+ Rxd5 43. Rc8 Nb6 44. R8c7+ Rd7 45. Ke2
Nd5 46. Rxd7+ Kxd7 47. g3 Nb6 48. Kd3 Kd6 49. Rb1 Kc7 50. f4 h5 51. Kd4 Nd7 52.
h3 Nf6 53. Rc1+ Kd6 54. Rc8 Nd5 55. Rd8+ Ke7 56. Ra8 Kf6 57. Rxa7 h4 58. gxh4
Nxf4 59. a4 Nd5 60. a5 Nb4 61. Rc7 Nd5 62. Rc1 Nb4 63. Kc4 Nc6 64. a6 Na7 65.
Kc5 Nc8 66. Kc6 Ke7 67. Kb7 Nd6+ 68. Kb6 1-0